Oscar-nominierte Schauspieler anhand von Bildern #1 - Statistiken

Allgemein
  • Dieses Quiz wurde 4.756 mal gespielt
  • Das Durchschnittsergebnis liegt bei 8 aus 20
Antwortstatistiken
Bildquiz Antwort % Korrekt
Leonardo DiCaprio
98%
Morgan Freeman
85%
Robert Downey Jr
73%
Benedict Cumberbatch
61%
Ryan Gosling
59%
Anthony Hopkins
43%
Rami Malek
39%
Jude Law
34%
Adam Driver
32%
Edward Norton
31%
Sean Penn
30%
Gary Oldman
25%
Ian McKellen
25%
Viggo Mortensen
24%
Tommy Lee Jones
23%
Adrien Brody
22%
Jeff Bridges
20%
Laurence Fishburne
20%
Forest Whitaker
16%
J. K. Simmons
14%
Keine übereinstimmenden Quizze gefunden
Verteilung der Resultate
Anzahl Personen mit jedem Resultat
Perzentil nach korrekt beantworteten Fragen
Ihre Resultats-Entwicklung
Sie haben dieses Quiz noch nicht gespielt